00586nam a2200205Ia 450000500170000000800410001702000260005804000190008404100120010308200150011510000200013024500450015026000390019530000120023450400570024663000390030365000140034265100140035685000100037020240131111329.0131103s9999 xx 000 0 und d a273361635c30 p. net. aLoreto College aEnglish a370.1bJEF aJeffreys,M.V.C. 4aThe Aims of Education, cM.V.C.Jeffreys aLondonbPitman Publishingc[19 -?] a173 p.  aIncludes bibliographical references,index,foot notes aPhilosophy and Theory Of Education aEducation aEducation aLCLIB